LEADER 00961nam a2200265 i 4500 001 991000537419707536 005 20020503183835.0 008 950929s1988 uk ||| | eng 020 $a0521352606 035 $ab10092328-39ule_inst 035 $aLE02517867$9ExL 040 $aFac. Economia$bita 082 0 $a439.36 100 1 $aBotha, Rudolf P.$0162684 245 10$aForm and meaning in word formation :$ba study of afrikaans reduplication /$cRudolf P. Botha 260 $aCambridge :$bCambridge university,$c1988 300 $a187 p. ;$c24 cm 490 0 $aCambridge studies in linguistics 650 4$aLingua africana 907 $a.b10092328$b17-02-17$c27-06-02 912 $a991000537419707536 945 $aLE025 ECO 439 BOT01.01$g1$i2025000001190$lle025$o-$pE0.00$q-$rl$s- $t0$u0$v0$w0$x0$y.i10107459$z27-06-02 996 $aForm and meaning in word formation$9196472 997 $aUNISALENTO 998 $ale025$b01-01-95$cm$da $e-$feng$guk $h0$i1 LEADER 03341nam 2200613 450 001 9910798053103321 005 20200520144314.0 010 $a3-11-040083-9 010 $a3-11-040087-1 024 7 $a10.1515/9783110400830 035 $a(CKB)3710000000543561 035 $a(EBL)4230419 035 $a(DE-B1597)443571 035 $a(OCoLC)951147612 035 $a(DE-B1597)9783110400830 035 $a(Au-PeEL)EBL4230419 035 $a(CaPaEBR)ebr11137160 035 $a(CaONFJC)MIL881770 035 $a(OCoLC)935254336 035 $a(MiAaPQ)EBC4230419 035 $a(EXLCZ)993710000000543561 100 $a20160128h20152015 uy 0 101 0 $ager 135 $aur|n|---||||| 181 $2rdacontent 182 $2rdamedia 183 $2rdacarrier 200 00$aInternationale bibliographie zur germanistischen lexikographie und wo?rterbuchforschung$hBand 5$iSachregister $eMit Beru?cksichtigung anglistischer, nordistischer, romanistischer, slavistischer und weiterer metalexikographischer Forschungen /$fHerbert Ernst Wiegand (Hrsg.) ; bearbeitet von Werner Wolski 210 1$aBerlin, Germany ;$aBoston, [Massachusetts] :$cDe Gruyter,$d2015. 210 4$d©2015 215 $a1 online resource (692 p.) 225 0 $aInternationale Bibliographie zur germanistischen Lexikographie und Wörterbuchforschung ;$vBand 5 300 $aDescription based upon print version of record. 311 $a3-11-034095-X 327 $tFrontmatter -- $tVorwort -- $tInhaltsverzeichnis -- $tInhalt des ersten Teilbandes. Inhalt des zweiten Teilbandes -- $tInhalt des dritten Teilbandes. Inhalt des vierten Bandes -- $tVorbemerkung des Bearbeiters -- $tEinleitung des Bearbeiters -- $tRegisterstrecke A -- $tRegisterstrecke B -- $tRegisterstrecke C -- $tRegisterstrecke D -- $tRegisterstrecke E -- $tRegisterstrecke F -- $tRegisterstrecke G -- $tRegisterstrecke H -- $tRegisterstrecke I -- $tRegisterstrecke J -- $tRegisterstrecke K -- $tRegisterstrecke L -- $tRegisterstrecke M -- $tRegisterstrecke N -- $tRegisterstrecke O -- $tRegisterstrecke P -- $tRegisterstrecke Q -- $tRegisterstrecke R -- $tRegisterstrecke S -- $tRegisterstrecke T -- $tRegisterstrecke U -- $tRegisterstrecke V -- $tRegisterstrecke W -- $tRegisterstrecke X -- $tRegisterstrecke Y -- $tRegisterstrecke Z 330 $aDieser Band enthält das umfassende Register zur Internationalen Bibliographie zur germanistischen Lexikographie und Wörterbuchforschung. 330 $aThis volumes provides extensive indices accompanying the International Bibliography of German Lexicography and Dictionary Research. 606 $aGerman language$vDictionaries$vBibliography 606 $aGerman language$xLexicography$vBibliography 606 $aLexicography$xResearch$vBibliography 615 0$aGerman language 615 0$aGerman language$xLexicography 615 0$aLexicography$xResearch 676 $a016.43309032 700 $aWiegand$b Herbert Ernst, $4aut$4http://id.loc.gov/vocabulary/relators/aut$0165134 702 $aWiegand$b Herbert Ernst 702 $aWolski$b Werner 801 0$bMiAaPQ 801 1$bMiAaPQ 801 2$bMiAaPQ 906 $aBOOK 912 $a9910798053103321 996 $aInternationale bibliographie zur germanistischen lexikographie und wo?rterbuchforschung$93673901 997 $aUNINA